000 00649nam a2200229Ia 4500
003 OSt
005 20221005072206.0
006 a|||||r|||| 00| 0
007 ta
008 221004b |||||||| |||| 00| 0 eng d
024 _a33834
037 _cTextual
040 _aCRL
_cCRL
_beng
041 _2eng
_aeng
082 _aF555.2'N6, K6
245 0 _aPetroleum refining, petrochemicals petroleum technology and oil & gas exploration
260 _aNew Delhi
_bCouncil of Scientific & Industrial Research
_c1966
300 _a21p.
_ccm.
650 _aTECHNOLOGY
942 _hF555.2'N6, K6
_cTEXL
_2cc
999 _c979022
_d979022